[Event "Championnat de France des Jeunes - Pupilles"]
[Site "MONTLUCON"]
[Date "2011.04.18"]
[Round "3.10"]
[White "Mohammad, Fahim"]
[Black "Thiercelin, Jerome"]
[Result "1-0"]
[WhiteElo "1853"]
[BlackElo "1636"]
[PlyCount "121"]

1. d4 d5 2. c4 Nc6 3. Nc3 dxc4 4. Nf3 Bg4 5. e3 Nf6 6. Bxc4 e6 7. O-O Bb4 8. d5
Bxf3 9. Qxf3 Ne5 10. Bb5+ c6 11. Qg3 cxb5 12. Qxe5 Bxc3 13. bxc3 Qxd5 14. Qg3
O-O 15. Bb2 Qh5 16. c4 Qg6 17. Qxg6 hxg6 18. cxb5 Rfd8 19. Bd4 b6 20. Rac1 Rac8
21. h3 Nd5 22. a3 f6 23. f4 Kf8 24. a4 Ke8 25. a5 Rxc1 26. Rxc1 Nxf4 27. exf4
Rxd4 28. axb6 Rd7 29. Rc6 Ke7 30. Kf2 Rb7 31. bxa7 Rxa7 32. Ke3 Rb7 33. Rc5 Kd6
34. Kd4 Ra7 35. Rc6+ Kd7 36. Kc5 Ra2 37. Ra6 Rc2+ 38. Kb6 Rxg2 39. Ra7+ Kd6 40.
Rxg7 Rh2 41. Rxg6 f5 42. Rh6 Rf2 43. Rh4 Rf3 44. Rh8 Rxf4 45. h4 e5 46. h5 e4
47. h6 e3 48. h7 e2 49. Rd8+ Ke7 50. h8=Q Re4 51. Re8+ Kf7 52. Rxe4 fxe4 53.
Qh7+ Kf6 54. Qxe4 Kg5 55. Qxe2 Kf4 56. Kc5 Kf5 57. b6 Kf4 58. b7 Kf5 59. b8=Q
Kg5 60. Qg3+ Kf5 61. Qee5# 1-0

[Event "Championnat de France des Jeunes - Pupilles"]
[Site "MONTLUCON"]
[Date ""]
[Round "4.1"]
[White "Meunier, Clement"]
[Black "Swerdlin, Ryan"]
[Result "1/2-1/2"]
[WhiteElo "1846"]
[BlackElo "1099"]
[Annotator ""]

1. e4 c6 2. d4 d5 3. Nc3 dxe4 4. Nxe4 Bf5 5. Ng3 Bg6 6. h4 h6 7. Nf3 Nd7 8. h5
Bh7 9. Bd3 Bxd3 10. Qxd3 e6 11. Bd2 Ngf6 12. O-O-O Be7 13. Kb1 O-O 14. Ne4 b5
15. Rdg1 Ng4 16. Nh2 Nxh2 17. Rxh2 f5 18. Nc3 Bg5 19. f4 Qc7 20. g3 Be7 21. Qe2
Qd6 22. g4 Nf6 23. gxf5 exf5 24. Rg6 Rf7 25. Qg2 Kh8 26. Nxb5 Qd7 27. Nc3 Rb8
28. Rh3 Rc8 29. Qe2 Re8 30. Re3 Rff8 31. Qg2 Rf7 32. Reg3 Bb4 33. a3 Bd6 34. d5
c5 35. Re3 Rfe7 36. Reg3 Ng4 37. R3xg4 fxg4 38. f5 Be5 39. Qxg4 Rf7 40. Re6 Bf6
41. Ne4 Be5 42. Nxc5 Qb5 43. Rxe8+ Qxe8 44. Qe4 Re7 45. Ne6 Qb8 46. Qb4 Rb7 47.
Qf8+ Qxf8 48. Nxf8 Bxb2 49. Ka2 Bf6 50. c3 Rb5 51. d6 Rxf5 52. Be3 Rd5 53. Bxa7
Rxd6 54. c4 Kg8 55. Ng6 Kf7 56. c5 Rc6 57. Kb3 Ke6 58. Kc4 Ra6 59. Bb6 Rxa3 60.
c6 Ra8 61. Kc5 Rc8 62. Nf4+ Ke5 63. Nd5 Bd8 64. c7 Bf6 65. Nf4 Bd8 66. Nd5
1/2-1/2

[Event "Championnat de France des Jeunes - Pupilles"]
[Site "MONTLUCON"]
[Date "2011.04.19"]
[Round "4.2"]
[White "Chesterkine, Vassili"]
[Black "Kieffer, Anatole"]
[Result "1-0"]
[WhiteElo "1603"]
[BlackElo "1712"]
[PlyCount "59"]

1. e4 e5 2. Nf3 d6 3. d4 exd4 4. Nxd4 Nf6 5. Nc3 Be7 6. Bf4 O-O 7. Qd2 Re8 8.
O-O-O Bf8 9. f3 Nbd7 10. g4 Ne5 11. Qf2 Ng6 12. Be3 a6 13. Be2 b5 14. g5 b4 15.
Nb1 c5 16. gxf6 Qxf6 17. Bc4 cxd4 18. Bxd4 Ne5 19. f4 Qh6 20. Bd5 Rb8 21. Nd2
Ng4 22. Qg3 Bd7 23. e5 dxe5 24. fxe5 Rec8 25. h3 Qg6 26. Be4 Bf5 27. Qd3 Bxe4
28. Nxe4 Nh6 29. Rdg1 Qe6 30. Nf6+ 1-0

[Event "Championnat de France des Jeunes - Pupilles"]
[Site "MONTLUCON"]
[Date "2011.04.19"]
[Round "4.3"]
[White "Maulana, Kahfi"]
[Black "Apap, Hugo"]
[Result "1-0"]
[WhiteElo "1907"]
[BlackElo "1504"]
[PlyCount "77"]

1. e4 d6 2. d3 Nf6 3. Be2 Nbd7 4. Be3 e5 5. Nc3 c6 6. Bf3 Be7 7. Qd2 Qc7 8.
Nge2 b5 9. a3 Bb7 10. g4 O-O 11. Ng3 g6 12. Bh6 Rfc8 13. Nf5 Bf8 14. Bxf8 Nxf8
15. Qh6 Ne6 16. O-O-O Kh8 17. Qh4 Ng8 18. Ne3 g5 19. Qg3 Ne7 20. h4 Ng6 21.
hxg5 Nxg5 22. Rh5 f6 23. Rdh1 Rf8 24. Rh6 Qf7 25. Nf5 Rad8 26. Bd1 Bc8 27. Kb1
Rg8 28. Qh2 Bxf5 29. exf5 Nf8 30. Ne4 Nxe4 31. dxe4 Rg7 32. f4 Kg8 33. g5 fxg5
34. f6 Rg6 35. Bh5 Qxf6 36. Bxg6 hxg6 37. f5 Qg7 38. fxg6 Nxg6 39. Qh5 1-0

[Event "Championnat de France des Jeunes - Pupilles"]
[Site "MONTLUCON"]
[Date "2011.04.19"]
[Round "4.4"]
[White "Poulet, Sebastien"]
[Black "Mohammad, Fahim"]
[Result "1-0"]
[WhiteElo "1628"]
[BlackElo "1853"]
[PlyCount "109"]

1. e4 c5 2. Nf3 d6 3. d4 cxd4 4. Nxd4 Nf6 5. Nc3 Nc6 6. f3 g6 7. Be3 Bg7 8. Qd2
O-O 9. Bc4 Bd7 10. Bb3 Rc8 11. h4 Ne5 12. O-O-O Re8 13. Bh6 Qa5 14. Bxg7 Kxg7
15. h5 Rh8 16. g4 Nc4 17. Bxc4 Rxc4 18. hxg6 fxg6 19. Rdg1 Qb4 20. Qh6+ Kf7 21.
Nde2 a5 22. g5 Ng8 23. Qh2 a4 24. a3 Qc5 25. Qf4+ Ke8 26. Qd2 e6 27. Nf4 b5 28.
Nd3 Qb6 29. Nb4 Rd4 30. Qe2 Ne7 31. Rg2 Kf7 32. Rgh2 Kg7 33. Qe3 Nc8 34. Qf4
Qd8 35. Qe3 Rc4 36. Rh6 Ne7 37. Qe2 Ng8 38. R6h2 Qxg5+ 39. Kb1 Qc5 40. Rg2 Nf6
41. Qd2 Kf7 42. Nd3 Qc7 43. Qh6 Rb8 44. Nf4 Rg8 45. Rhg1 Ke7 46. Ncd5+ exd5 47.
Nxd5+ Nxd5 48. Qxh7+ Kd8 49. Qxg8+ Be8 50. exd5 b4 51. axb4 Rxb4 52. Re1 Qd7
53. Rxg6 Qb5 54. Rxe8+ Qxe8 55. Rxd6+ 1-0

[Event "Championnat de France des Jeunes - Pupilles"]
[Site "MONTLUCON"]
[Date "2011.04.19"]
[Round "4.5"]
[White "Ginovart, Axel"]
[Black "Mirete, Leo"]
[Result "1-0"]
[WhiteElo "1802"]
[BlackElo "1620"]
[PlyCount "131"]

1. e4 e5 2. Nf3 Nc6 3. Bb5 Nf6 4. O-O Nxe4 5. d4 Nd6 6. Bxc6 dxc6 7. dxe5 Nf5
8. Qxd8+ Kxd8 9. Bg5+ Ke8 10. Nc3 Ne7 11. Rad1 Bf5 12. Nd4 Bd7 13. Rfe1 Bc8 14.
Ncb5 cxb5 15. Nxb5 Bd7 16. Nxc7+ Kd8 17. Nxa8 Kc8 18. Be3 Bc6 19. Bxa7 b5 20.
Rd6 Bxa8 21. Red1 Nc6 22. Rd7 Bb4 23. c3 Ba5 24. Rxf7 Nxe5 25. Rxg7 b4 26. Bd4
Rd8 27. cxb4 Bxb4 28. Rc1+ Nc6 29. Bb6 Re8 30. Rxh7 Bd2 31. Rd1 Nb4 32. h4 Bf4
33. a3 Nd3 34. g3 Nxb2 35. Rd8+ Rxd8 36. Bxd8 Kxd8 37. Rh8+ Ke7 38. Rxa8 Bd6
39. Kg2 Nc4 40. a4 Nb6 41. Ra7+ Kf8 42. a5 Nc4 43. a6 Nb6 44. Rb7 Bc5 45. a7
Na8 46. Rb8+ Ke7 47. Rxa8 Bxa7 48. Rxa7+ Kf6 49. h5 Kg5 50. f4+ Kxh5 51. Rg7
Kh6 52. Rg4 Kh5 53. f5 Kxg4 54. f6 Kf5 55. f7 Ke4 56. f8=Q Kd3 57. Qf4 Kc2 58.
Qe3 Kb2 59. Qd3 Ka2 60. Qc3 Kb1 61. Kf2 Ka2 62. Ke2 Kb1 63. Kd2 Ka2 64. Qb4 Ka1
65. Kc2 Ka2 66. Qb2# 1-0

[Event "Championnat de France des Jeunes - Pupilles"]
[Site "MONTLUCON"]
[Date "2011.04.19"]
[Round "4.6"]
[White "Berrini, Sylvain"]
[Black "Rey, Gaetan"]
[Result "0-1"]
[WhiteElo "1619"]
[BlackElo "1797"]
[PlyCount "190"]

1. e4 e5 2. Nf3 Nc6 3. d4 exd4 4. Nxd4 Nf6 5. Nc3 Bb4 6. Bc4 Nxe4 7. O-O Bxc3
8. bxc3 O-O 9. Qf3 d5 10. Nxc6 bxc6 11. Bd3 Nd6 12. Re1 Re8 13. Bd2 Be6 14. Re5
Qd7 15. h3 f6 16. Rh5 g6 17. Rh4 Bf5 18. Be2 Qf7 19. Rf4 Be4 20. Qg3 Nf5 21.
Qh2 g5 22. Rxe4 dxe4 23. g4 Nh4 24. Qg3 Qd5 25. Be3 Qd6 26. Rd1 Qxg3+ 27. fxg3
Nf3+ 28. Kg2 Ne5 29. Rd4 Rab8 30. Rxe4 Rb2 31. Bc4+ Kg7 32. Bb3 a5 33. Bd2 Rd8
34. Rd4 Rd6 35. Kf2 c5 36. Rxd6 cxd6 37. c4 a4 38. Bxa4 Rxa2 39. Bb3 Ra8 40.
Ke3 Re8 41. Kf2 Nc6 42. c3 Rb8 43. Bd1 Rb2 44. Ke1 Na5 45. Be2 Nb3 46. Be3 Rc2
47. Bd1 Rxc3 48. Ke2 Nd4+ 49. Kd2 Rxc4 50. Kd3 Rb4 51. h4 h6 52. Bd2 Rb2 53.
Ba5 Rg2 54. Bc7 Rxg3+ 55. Kc4 Rg1 56. Ba4 Rxg4 57. Kd5 Nf5 58. Bd7 Rd4+ 59. Ke6
Nxh4 60. Bd8 Re4+ 61. Kxd6 Rd4+ 62. Ke6 Rxd7 63. Kxd7 c4 64. Ba5 Nf3 65. Ke6
Ne5 66. Kf5 h5 67. Bd8 Ng4 68. Ba5 Ne3+ 69. Ke4 Nd1 70. Be1 Kg6 71. Kd4 c3 72.
Kd3 h4 73. Kc2 Ne3+ 74. Kxc3 h3 75. Bg3 Nf1 76. Bd6 h2 77. Bxh2 Nxh2 78. Kd2 g4
79. Ke2 g3 80. Ke1 Kg5 81. Ke2 Kg4 82. Ke3 g2 83. Kf2 Kh3 84. Kg1 Nf3+ 85. Kf2
g1=Q+ 86. Kxf3 Qg4+ 87. Ke3 f5 88. Kd3 Qe4+ 89. Kc3 f4 90. Kb3 Qd4 91. Ka3 Qb6
92. Ka4 f3 93. Ka3 f2 94. Ka4 f1=Q 95. Ka3 Qfa6# 0-1

[Event "Championnat de France des Jeunes - Pupilles"]
[Site "MONTLUCON"]
[Date "2011.04.19"]
[Round "4.7"]
[White "De Talance, Aliaume"]
[Black "Fort, Armand"]
[Result "1/2-1/2"]
[WhiteElo "1600"]
[BlackElo "1750"]
[PlyCount "139"]

1. f4 c5 2. e4 e6 3. e5 a6 4. Nf3 Nc6 5. Nc3 d6 6. exd6 Bxd6 7. d3 Nf6 8. g3
O-O 9. Bg2 Rb8 10. O-O e5 11. fxe5 Nxe5 12. Bg5 Nxf3+ 13. Qxf3 Be7 14. Qf4 Be6
15. Rae1 h6 16. Bxf6 Bxf6 17. Qd2 c4 18. Rd1 cxd3 19. Qxd3 Qb6+ 20. Kh1 Rbd8
21. Na4 Qb4 22. Qe4 Qxe4 23. Bxe4 b5 24. Nc5 Bc4 25. Rfe1 Bxb2 26. Nxa6 Bc3 27.
Rg1 Bxa2 28. Rd3 Rxd3 29. Bxd3 Bd5+ 30. Rg2 Bxg2+ 31. Kxg2 b4 32. Nc5 Rc8 33.
Nb3 g5 34. Kf3 Kg7 35. h3 Rh8 36. h4 Be5 37. Na5 gxh4 38. gxh4 h5 39. Nc6 Bc3
40. Ke4 Re8+ 41. Kf3 Be1 42. Kf4 Re6 43. Nd4 Rb6 44. Kg5 Kf8 45. Nb3 Kg7 46.
Nd4 Bd2+ 47. Kxh5 Rh6+ 48. Kg4 Kf8 49. Nf3 Bc3 50. Ng5 Bf6 51. Nf3 Kg7 52. Be4
Be7 53. Bd5 Rd6 54. Be4 Kh6 55. Bf5 Rf6 56. Nd4 Rd6 57. Nf3 Rd5 58. Be4 Rh5 59.
Bf5 Rxf5 60. Kxf5 Kh5 61. Ke5 Bxh4 62. Nxh4 Kxh4 63. Kf6 Kg4 64. Kxf7 Kf4 65.
Ke6 Ke4 66. Kd6 Kd4 67. Kc6 Kc4 68. Kb6 Kd4 69. Kb5 Kc3 70. Kc5 1/2-1/2

[Event "Championnat de France des Jeunes - Pupilles"]
[Site "MONTLUCON"]
[Date "2011.04.19"]
[Round "4.8"]
[White "Colin, Enzo"]
[Black "Aghamir Alrobiai, Nizar"]
[Result "1-0"]
[WhiteElo "1610"]
[BlackElo "1720"]
[PlyCount "87"]

1. e4 e6 2. d4 d5 3. exd5 exd5 4. c4 Nc6 5. Nc3 dxc4 6. Nf3 Bg4 7. d5 Bxf3 8.
Qxf3 Nb4 9. Qd1 Nd3+ 10. Bxd3 cxd3 11. Qxd3 c6 12. O-O Bd6 13. Qd4 f6 14. Qg4
Qd7 15. Re1+ Be5 16. Qxd7+ Kxd7 17. dxc6+ Kxc6 18. Bd2 Rd8 19. Rac1 b6 20. Kh1
Kb7 21. Rc2 Ne7 22. f4 Bd6 23. Nb5 Nc6 24. Rec1 Bc5 25. b4 a6 26. bxc5 axb5 27.
cxb6 Rc8 28. Be3 Ne7 29. Rc7+ Rxc7 30. Rxc7+ Kb8 31. Rxe7 g6 32. h3 h5 33. Bd4
Rf8 34. Rc7 g5 35. fxg5 fxg5 36. Be5 Rf1+ 37. Kh2 Rf5 38. Re7+ Kc8 39. b7+ Kd8
40. b8=Q+ Kxe7 41. Qd6+ Kf7 42. Qd7+ Kf8 43. Qxf5+ Ke8 44. Bd6 1-0

[Event "Championnat de France des Jeunes - Pupilles"]
[Site "MONTLUCON"]
[Date "2011.04.19"]
[Round "4.9"]
[White "Roque, Gaetan"]
[Black "Lutard, Theo"]
[Result "1/2-1/2"]
[WhiteElo "1583"]
[BlackElo "1665"]
[PlyCount "53"]

1. d4 d5 2. Nf3 Nf6 3. e3 e6 4. c4 dxc4 5. Bxc4 c5 6. Nc3 a6 7. O-O b5 8. Bd3
Nc6 9. b3 cxd4 10. exd4 Be7 11. Bb2 Bb7 12. Rc1 O-O 13. Ne4 Nxe4 14. Bxe4 Na5
15. Bxb7 Nxb7 16. Ne5 Na5 17. Qd3 Qd5 18. Qf3 Qxf3 19. Nxf3 Rac8 20. Ne5 Rfd8
21. Rxc8 Rxc8 22. Rc1 Rxc1+ 23. Bxc1 f6 24. Nd7 Nc6 25. Be3 Kf7 26. Kf1 Bb4 27.
Nc5 1/2-1/2

[Event "Championnat de France des Jeunes - Pupilles"]
[Site "MONTLUCON"]
[Date "2011.04.19"]
[Round "4.10"]
[White "Schlegel, Nicolas"]
[Black "Priser, Victor"]
[Result "0-1"]
[WhiteElo "1640"]
[BlackElo "1424"]
[PlyCount "56"]

1. e4 d5 2. exd5 Qxd5 3. Nc3 Qa5 4. d4 Nf6 5. Bd2 c6 6. Nf3 Bg4 7. Bd3 e6 8.
O-O Be7 9. Re1 Nbd7 10. Bc4 O-O 11. a3 Qb6 12. Be3 Bxf3 13. gxf3 Qc7 14. Ne4
Nd5 15. Bxd5 cxd5 16. Ng3 Nb6 17. b3 Bd6 18. Kh1 Qe7 19. a4 Rac8 20. Rg1 Qh4
21. Qd2 Qh3 22. Rae1 f5 23. Bf4 Bxf4 24. Qxf4 Rxc2 25. Qe5 Rxf2 26. Qxe6+ Kh8
27. Nf1 Qxf3+ 28. Rg2 Qxg2# 0-1

[Event "Championnat de France des Jeunes - Pupilles"]
[Site "MONTLUCON"]
[Date "2011.04.20"]
[Round "5.1"]
[White "Meunier, Clement"]
[Black "Chesterkine, Vassili"]
[Result "1-0"]
[WhiteElo "1846"]
[BlackElo "1603"]
[Annotator ""]

1. e4 c5 2. Nf3 d6 3. d4 cxd4 4. Nxd4 Nf6 5. Nc3 Nc6 6. Bc4 e6 7. Be3 Be7 8.
Qe2 O-O 9. O-O-O a6 10. f3 Nxd4 11. Bxd4 b5 12. e5 dxe5 13. Bxe5 Qb6 14. Bd3
Bb7 15. g4 Nd5 16. Be4 Nxc3 17. Bxc3 Rfd8 18. Bxb7 Qxb7 19. Qe3 b4 20. Be5 Rac8
21. Kb1 Qc6 22. Qe2 a5 23. Rxd8+ Rxd8 24. Rd1 Rd5 25. Rd3 f6 26. Bg3 Kf7 27.
Qe4 Qc5 28. Rxd5 exd5 29. Qe2 Qd4 30. Bf2 Qf4 31. Be3 Qe5 32. Qd3 h6 33. Bc1
Bd6 34. h4 Bc7 35. h5 Kf8 36. Qa6 Ke7 37. Qd3 Kf8 38. a3 Qd6 39. axb4 axb4 40.
Qb5 Bb6 41. Bd2 Bc5 42. Ka2 d4 43. Qc4 Qc6 44. Bf4 Qa4+ 45. Kb1 Qc6 46. Bg3 Qb6
47. Qd5 Be7 48. Bf2 Bc5 49. Qa8+ Ke7 50. Qg8 d3 51. Qxg7+ Ke6 52. Qg8+ Ke7 53.
Bxc5+ Qxc5 54. cxd3 Qg1+ 55. Ka2 Qa7+ 56. Kb3 Qe3 57. Qc4 Qxf3 58. Qe4+ Qxe4
59. dxe4 1-0

[Event "Championnat de France des Jeunes - Pupilles"]
[Site "MONTLUCON"]
[Date "2011.04.20"]
[Round "5.2"]
[White "Priser, Victor"]
[Black "Maulana, Kahfi"]
[Result "0-1"]
[WhiteElo "1424"]
[BlackElo "1907"]
[PlyCount "38"]

1. e4 e5 2. Nf3 Nc6 3. Bc4 Nf6 4. d3 h6 5. c3 Bc5 6. Nbd2 d6 7. h3 Qe7 8. b4
Bb6 9. Nf1 g5 10. Ng3 Be6 11. Bb3 g4 12. hxg4 Nxg4 13. Nh4 Bxf2+ 14. Kf1 Bxg3
15. Bxe6 Nf2 16. Qf3 Nxh1 17. Nf5 Qf6 18. Bxh6 Rxh6 19. Nxh6 fxe6 0-1

[Event "Championnat de France des Jeunes - Pupilles"]
[Site "MONTLUCON"]
[Date "2011.04.20"]
[Round "5.3"]
[White "Swerdlin, Ryan"]
[Black "Ginovart, Axel"]
[Result "1/2-1/2"]
[WhiteElo "1099"]
[BlackElo "1802"]
[PlyCount "93"]

1. d4 d5 2. e3 c5 3. c3 Nc6 4. f4 Nf6 5. Bd3 c4 6. Bc2 Bg4 7. Nf3 e6 8. Nbd2
Be7 9. O-O O-O 10. Qe1 Bxf3 11. Rxf3 Re8 12. Rh3 h6 13. Nf3 Bf8 14. Ne5 Qc7 15.
Qh4 Be7 16. Qg3 Kf8 17. Bd2 Qb6 18. Rb1 a5 19. Qf3 Kg8 20. g4 Nxe5 21. dxe5 Ne4
22. Bxe4 dxe4 23. Qxe4 Red8 24. Be1 Bc5 25. g5 Rd3 26. Bf2 Be7 27. Qf3 Rxc3 28.
gxh6 g6 29. Qe4 Rd3 30. Qxc4 Rad8 31. h7+ Kh8 32. e4 Rd1+ 33. Rxd1 Rxd1+ 34.
Kg2 Qxb2 35. Qc7 Rd2 36. Qxe7 Rxf2+ 37. Kg1 Rg2+ 38. Kh1 Qb1+ 39. Kxg2 Qxe4+
40. Kg3 Qe3+ 41. Kg4 Qg1+ 42. Rg3 Qd1+ 43. Kh3 Qf1+ 44. Kg4 Qe2+ 45. Kh3 Qf1+
46. Rg2 Qf3+ 47. Rg3 1/2-1/2

[Event "Championnat de France des Jeunes - Pupilles"]
[Site "MONTLUCON"]
[Date "2011.04.20"]
[Round "5.4"]
[White "Rey, Gaetan"]
[Black "Poulet, Sebastien"]
[Result "1/2-1/2"]
[WhiteElo "1797"]
[BlackElo "1628"]
[PlyCount "133"]

1. e4 c5 2. Nf3 e6 3. d4 cxd4 4. Nxd4 Nf6 5. Nc3 d6 6. Be3 Nc6 7. f3 Be7 8. Qd2
O-O 9. O-O-O a6 10. g4 Nd7 11. h4 Nxd4 12. Bxd4 b5 13. g5 Bb7 14. Be3 g6 15. h5
Kg7 16. Qh2 Rh8 17. hxg6 hxg6 18. Qxh8+ Qxh8 19. Rxh8 Rxh8 20. f4 Rh4 21. Bd3
Rh3 22. Bg1 Bc6 23. Rd2 Nc5 24. Bxc5 dxc5 25. b3 Rf3 26. Ne2 e5 27. Rd1 exf4
28. Rg1 Bd6 29. Kd2 Be5 30. c3 Re3 31. Rg4 Bxe4 32. Nxf4 Bxf4 33. Rxf4 Rxd3+
34. Kc2 Rg3+ 35. Rxe4 Rxg5 36. Re2 Rf5 37. Kd3 Kf6 38. Rg2 g5 39. Ke4 Ke6 40.
a4 bxa4 41. bxa4 Rf4+ 42. Kd3 Rxa4 43. Rxg5 f5 44. Rg8 Ke5 45. Rc8 Ra5 46. Re8+
Kf4 47. Kc4 Kf3 48. Rf8 f4 49. Kd3 Ra4 50. Rf5 c4+ 51. Kd4 a5 52. Rf8 Ra1 53.
Kxc4 a4 54. Kb4 a3 55. Kb3 Ke3 56. Re8+ Kf2 57. c4 f3 58. c5 Kf1 59. Rh8 Rb1+
60. Kxa3 Rb5 61. c6 Rc5 62. Rh6 f2 63. Kb4 Rc2 64. Kb5 Ke1 65. Re6+ Kd1 66. Rf6
Rb2+ 67. Ka6 1/2-1/2

[Event "Championnat de France des Jeunes - Pupilles"]
[Site "MONTLUCON"]
[Date "2011.04.20"]
[Round "5.5"]
[White "O'Sullivan, Thomas"]
[Black "Colin, Enzo"]
[Result "1-0"]
[WhiteElo "1814"]
[BlackElo "1610"]
[PlyCount "79"]

1. d4 Nf6 2. c4 g6 3. Nc3 Bg7 4. e4 d6 5. f4 c5 6. d5 O-O 7. Be2 a6 8. a4 Nbd7
9. Nf3 Qc7 10. O-O Re8 11. Bd3 Nf8 12. Qc2 e6 13. e5 Ng4 14. h3 Nh6 15. Ne4
dxe5 16. fxe5 Nf5 17. d6 Qc6 18. g4 Nd4 19. Nxd4 cxd4 20. Bf4 Nd7 21. Qh2 Rf8
22. b4 b6 23. b5 Qb7 24. Rfe1 Qa7 25. Nd2 axb5 26. cxb5 Nc5 27. Be4 Bb7 28.
Bxb7 Qxb7 29. Qg3 Nxa4 30. Qd3 Qd5 31. Nc4 Nc5 32. Qc2 Rab8 33. Rad1 Rfc8 34.
Ne3 d3 35. Nxd5 dxc2 36. Ne7+ Kf8 37. Rd2 Nb3 38. Nxc8 Nxd2 39. d7 Nf3+ 40. Kh1
1-0

[Event "Championnat de France des Jeunes - Pupilles"]
[Site "MONTLUCON"]
[Date "2011.04.20"]
[Round "5.6"]
[White "Fort, Armand"]
[Black "Viveganantha, Vincent"]
[Result "1/2-1/2"]
[WhiteElo "1750"]
[BlackElo "1640"]
[PlyCount "67"]

1. d4 Nf6 2. Bf4 c5 3. c3 cxd4 4. cxd4 d5 5. Nf3 Nc6 6. e3 Bf5 7. Nbd2 a6 8. a3
Qb6 9. Qb3 Qxb3 10. Nxb3 e6 11. Be2 Be7 12. O-O O-O 13. Rac1 Rfd8 14. Ne5 Rdc8
15. Nxc6 Rxc6 16. Rxc6 bxc6 17. Rc1 h6 18. Rxc6 g5 19. Be5 a5 20. h3 Nd7 21.
Bd6 Bxd6 22. Rxd6 Rb8 23. Nxa5 Rxb2 24. Bf3 Nf6 25. Nc6 Kg7 26. Ne7 Bd3 27. Rd8
h5 28. g4 h4 29. a4 Rb1+ 30. Kh2 Rb2 31. Kg2 Rb1 32. Kh2 Rb2 33. Kg2 Rb1 34.
Kh2 1/2-1/2

[Event "Championnat de France des Jeunes - Pupilles"]
[Site "MONTLUCON"]
[Date "2011.04.20"]
[Round "5.7"]
[White "Pigeat, Alexandre"]
[Black "Amghar, Ismael"]
[Result "0-1"]
[WhiteElo "1741"]
[BlackElo "1630"]
[PlyCount "102"]

1. e4 e5 2. Nf3 Nc6 3. Bb5 a6 4. Ba4 Nf6 5. O-O b5 6. Bb3 Bb7 7. c3 Nxe4 8. d4
exd4 9. Re1 d5 10. cxd4 Be7 11. Nc3 Nxc3 12. bxc3 O-O 13. Qd3 Bf6 14. Ba3 Be7
15. Bc2 g6 16. Bxe7 Nxe7 17. Re5 Nc6 18. Rh5 Re8 19. Ng5 Qe7 20. Rxh7 Qxg5 21.
Qh3 Qf6 22. Qh6 Re2 23. Rf1 Rxc2 24. g4 Rxc3 25. f3 Re8 26. h4 Rc2 27. h5 Qxd4+
28. Kh1 Qb2 29. hxg6 f5 30. Rxc7 Re7 31. Rxe7 Rh2+ 32. Qxh2 Qxh2+ 33. Kxh2 Nxe7
34. Rc1 Bc6 35. gxf5 Kg7 36. Re1 Nxf5 37. Re5 Nd4 38. Kg3 Kxg6 39. Kf4 Kf6 40.
Rh5 Ne6+ 41. Kg4 d4 42. Rh6+ Ke7 43. Kf5 Bd5 44. Ke5 Bxa2 45. f4 d3 46. Rh7+
Kd8 47. Rh2 Bc4 48. f5 Nc5 49. Kd6 Ne4+ 50. Kc6 d2 51. f6 Ke8 0-1

[Event "Championnat de France des Jeunes - Pupilles"]
[Site "MONTLUCON"]
[Date "2011.04.20"]
[Round "5.8"]
[White "Kieffer, Anatole"]
[Black "De Talance, Aliaume"]
[Result "1-0"]
[WhiteElo "1712"]
[BlackElo "1600"]
[PlyCount "154"]

1. e4 e6 2. d4 d5 3. Nc3 Nf6 4. e5 Nfd7 5. Nf3 c5 6. dxc5 Bxc5 7. Bd3 Nc6 8.
Bf4 Qb6 9. O-O O-O 10. Bxh7+ Kh8 11. Ng5 g6 12. Qd3 Ndxe5 13. Qh3 Kg7 14. Nge4
f6 15. Na4 Qb4 16. Bh6+ Kf7 17. Nexc5 Rh8 18. c3 Qg4 19. Qxg4 Nxg4 20. Bxg6+
Kxg6 21. Bf4 b5 22. Nxe6 Bxe6 23. Nc5 Bf7 24. h3 Nge5 25. Bh2 Nc4 26. b3 Nb6
27. Nb7 a6 28. Nd6 Nc8 29. Nxf7 Kxf7 30. Rfe1 Nb6 31. Rad1 Rhe8 32. Rxe8 Rxe8
33. Bc7 Na8 34. Bf4 Rd8 35. Be3 Ke6 36. Bc5 Nc7 37. Bb6 Rd7 38. g4 Rg7 39. f4
f5 40. g5 Rh7 41. Kg2 Na8 42. Bc5 Nc7 43. Rh1 Ne8 44. Re1+ Kd7 45. Re3 Nc7 46.
Ba3 Ne6 47. Kg3 Rh5 48. Re2 Nc7 49. Rd2 Rh8 50. c4 d4 51. Bb2 Ne6 52. h4 Rh5
53. cxb5 axb5 54. Bc1 Kc7 55. Rg2 Kd7 56. Kh3 Rh8 57. Rf2 Rh7 58. Rf3 Rh8 59.
Rg3 Kc7 60. g6 Ng7 61. Rg5 Kd7 62. Bb2 Kc7 63. a4 b4 64. Bc1 Kd6 65. Rg1 Kd5
66. Re1 Kd6 67. Bd2 Kc7 68. Rc1 Kd7 69. Rc4 Rb8 70. Kg3 Kc7 71. a5 Kd7 72. a6
Ra8 73. Bxb4 Rxa6 74. Bf8 Nh5+ 75. Kf3 Ra3 76. Bxa3 Nf6 77. Bb2 Ke7 1-0

[Event "Championnat de France des Jeunes - Pupilles"]
[Site "MONTLUCON"]
[Date "2011.04.20"]
[Round "5.9"]
[White "Eugene, Floryan"]
[Black "Roque, Gaetan"]
[Result "1/2-1/2"]
[WhiteElo "1689"]
[BlackElo "1583"]
[PlyCount "58"]

1. e4 d6 2. d4 Nf6 3. Nc3 Nbd7 4. Nf3 e5 5. Bg5 Be7 6. Bc4 O-O 7. O-O c6 8. Re1
Qc7 9. Bb3 b6 10. d5 Bb7 11. dxc6 Bxc6 12. Bd5 b5 13. Bxc6 Qxc6 14. Nd5 Rfe8
15. Nxe7+ Rxe7 16. Nh4 g6 17. Qf3 Kg7 18. Qg3 Ree8 19. Qd3 Nc5 20. Bxf6+ Kxf6
21. Qf3+ Kg7 22. Rad1 Rad8 23. Qg4 Kh8 24. Rd5 f5 25. Qg5 Nxe4 26. Nxg6+ hxg6
27. Qh6+ Kg8 28. Qxg6+ Kh8 29. Qh6+ Kg8 1/2-1/2

[Event "Championnat de France des Jeunes - Pupilles"]
[Site "MONTLUCON"]
[Date "2011.04.20"]
[Round "5.10"]
[White "Flick, Antoine"]
[Black "Vigna, Leo"]
[Result "1-0"]
[WhiteElo "1649"]
[BlackElo "1689"]
[PlyCount "105"]

1. c4 e5 2. Nc3 Nf6 3. Nf3 Nc6 4. g3 Nd4 5. Bg2 Nxf3+ 6. Bxf3 Bb4 7. O-O O-O 8.
d3 Bxc3 9. bxc3 d6 10. Bg2 Rb8 11. Qa4 a6 12. Rb1 b6 13. Qc2 Bf5 14. Ba3 Qd7
15. Rfe1 Rfe8 16. Rbd1 Bh3 17. Bxh3 Qxh3 18. e4 Re6 19. f3 Nh5 20. Qg2 Qxg2+
21. Kxg2 Rf8 22. d4 f5 23. exf5 Rxf5 24. c5 dxc5 25. dxc5 Nf6 26. cxb6 cxb6 27.
Rd8+ Kf7 28. g4 Rf4 29. h4 Ne8 30. Rd7+ Kf6 31. Bc1 Rc4 32. Bg5+ Kg6 33. f4 h6
34. f5+ Kh7 35. fxe6 hxg5 36. Rxe5 Rxg4+ 37. Kf3 Rxh4 38. Rd8 Nf6 39. e7 Rh3+
40. Kg2 Rxc3 41. e8=Q Nxe8 42. Rdxe8 Rc2+ 43. Re2 Rc4 44. R8e4 Rc3 45. Re6 a5
46. Rxb6 Rc5 47. Rbe6 a4 48. R6e5 Rc6 49. Rxg5 g6 50. Rg4 a3 51. Rb4 g5 52. Rb3
Ra6 53. Ree3 1-0

[Event "Championnat de France des Jeunes - Pupilles"]
[Site "MONTLUCON"]
[Date "2011.04.21"]
[Round "6.1"]
[White "Maulana, Kahfi"]
[Black "Meunier, Clement"]
[Result "1/2-1/2"]
[WhiteElo "1907"]
[BlackElo "1846"]
[Annotator ""]

1. e4 e5 2. f4 Bc5 3. Nf3 d6 4. Bc4 Nc6 5. c3 Bg4 6. Qb3 Nh6 7. Qxb7 Bd7 8. Bd5
O-O 9. Bxc6 Rb8 10. Qa6 Rb6 11. Qe2 Rxc6 12. fxe5 dxe5 13. Nxe5 Re6 14. Nxd7
Qxd7 15. d4 Rxe4 16. Qxe4 Re8 17. Qxe8+ Qxe8+ 18. Kd2 Bd6 19. Re1 Qc6 20. g3 f5
21. b3 f4 22. gxf4 Qg2+ 23. Kd3 Qg6+ 24. Kc4 Qf7+ 25. Kd3 Qf5+ 26. Kc4 Ng4 27.
b4 a5 28. b5 Nf2 29. a4 Qc2 30. Be3 Nd3 31. Na3 Nb2+ 32. Kd5 Qb3+ 33. c4 Bxa3
34. Rxa3 Qxa3 35. c5 Qc3 36. Rb1 Nxa4 37. b6 cxb6 38. c6 Qxe3 39. c7 Qe8 40.
Kd6 Qc8 41. Kc6 Qe8+ 42. Kb7 Nc3 43. Rc1 Nb5 44. c8=Q Nd6+ 45. Kb8 Nxc8 46.
Rxc8 Qxc8+ 47. Kxc8 a4 48. d5 a3 49. d6 a2 50. d7 a1=Q 51. d8=Q+ Kf7 52. Qxb6
Qc1+ 53. Kd7 Qd2+ 54. Kc6 Qxf4 55. Qb3+ Kg6 56. Qd3+ Qf5 57. Qg3+ Kf7 58. Qc7+
Kf6 59. Qd8+ Kf7 60. Qc7+ Kg8 61. Qd8+ Qf8 62. Qxf8+ Kxf8 63. Kd6 Kf7 64. Ke5
g5 65. Kf5 h6 66. h4 gxh4 67. Kg4 h5+ 68. Kxh4 Kg6 69. Kh3 Kg5 1/2-1/2

[Event "Championnat de France des Jeunes - Pupilles"]
[Site "MONTLUCON"]
[Date "2011.04.21"]
[Round "6.2"]
[White "Flick, Antoine"]
[Black "O'Sullivan, Thomas"]
[Result "1-0"]
[WhiteElo "1649"]
[BlackElo "1814"]
[PlyCount "65"]

1. c4 Nf6 2. Nf3 g6 3. g3 Bg7 4. Bg2 O-O 5. d4 d6 6. Nc3 Nbd7 7. O-O c6 8. e4
e5 9. b3 Re8 10. Bb2 Qc7 11. Qc2 Nf8 12. h3 h5 13. Rad1 N8h7 14. Qc1 Bd7 15.
Rfe1 Kh8 16. Ba3 Rad8 17. dxe5 dxe5 18. Bd6 Qb6 19. Nxe5 Kg8 20. c5 Qa5 21. Nc4
Qa6 22. e5 Nd5 23. Nxd5 cxd5 24. Bxd5 Bxh3 25. a4 Be6 26. Bxe6 Rxe6 27. Na3 Qc6
28. Nb5 Qf3 29. Nd4 Qg4 30. Nxe6 Qxe6 31. Qf4 Qh3 32. Qh4 Qxh4 33. gxh4 1-0